| 000 | 00841nam a2200229 a 4500 | ||
|---|---|---|---|
| 001 | 56382 | ||
| 003 | BD-RjUL | ||
| 005 | 20211209080405.0 | ||
| 008 | 161129s2002 bg ||||| |||| 00| 0 ben d | ||
| 020 | _c: Tk. 100.00 | ||
| 035 | _a(BD-RjUL) | ||
| 040 |
_aBD-RjUL _bben _cBD-RjUL |
||
| 041 | _aben | ||
| 082 |
_223 _a352.34 _bISS 2002 |
||
| 100 | 1 |
_aইসলাম, মো: মইনুল _9167726 |
|
| 245 | 1 | 0 |
_aসামান্যজনের স্বদেশ ভাবনা / _cমো: মইনুল ইসলাম |
| 260 |
_aঢাকা : _bসৃষ্টি ইন্টারন্যাশল, _c২০০২ |
||
| 300 |
_a১৬৬ পৃ ; _c২০ সেমি. |
||
| 650 |
_aনীতিনির্ধারণ _xপরিকল্পনা _9167727 |
||
| 650 |
_aPolicy Making _xplanning _9167728 |
||
| 942 |
_2ddc _cBK |
||
| 999 |
_c56382 _d56382 |
||